Terraria Boss "Warning" Messages - Statistics

General Stats
  • This quiz has been taken 4,458 times
  • The average score is 6 of 7
Answer Stats
Message Boss % Correct
"Impending doom approaches..." Moon Lord
96%
"This is going to be a terrible night..." The Twins
91%
"You feel an evil presence watching you..." Eye of Cthulhu
87%
"You feel vibrations from deep below..." The Destroyer
86%
"You feel the air getting colder around you..." Skeletron Prime
84%
"Screams echo around you..." Eater of Worlds
80%
"A horrible chill goes down your spine..." Brain of Cthulhu
75%
No matching quizzes found
Score Distribution
Percent of People with Each Score
Percentile by Number Answered
Your Score History
You have not taken this quiz